02379nam a22004337a 4500003000500000005001700005008004100022010001000063011001000073035001000083040000900093082001200102100002500114245003100139260004300170300000900213505025900222590004100481590004100522590004100563590004200604650003400646700004200680901000700722942001000729949006700739949006700806949006700873949006700940949006701007949005501074999001701129952013701146952013701283952013701420952013701557952013701694952011401831CHAP20220329134648.0971013c19601966 r 00010 d a23821 a24793 a28893 cCHAP a109bD900aDynnik, M. A.934817 aHistoria de la filosofía aMéxico, D.F. :bGrijalbo,c1960-1966 a7 v. aContenido : v.1 De la antiguedad a comienzos del siglo XIX .- v.2 De la revolución burguesa de Francia de 1789 al nacimiento del marxismo .- v.3 Desde el nacimiento del marxismo hasta finales del siglo XIX .- v.4 Segunda mitad del siglo XIX .- v.5 (Des aBATCH-UPDb10c20130110lUCH01h2016 aBATCH-UPDb10c20130410lUCH01h1334 aBATCH-UPDb10c20130913lUCH01h1845 aCONVERSIONb10c20130109lUCH01h131414aFilosofíaxHistoria.9408950 aAcademia de Ciencias de la URSS.9367 aBK cLIBRO a109 D9bBCcLIBROd33724000299202eLIBROfv.6h12645i28893si a109 D9bBCcLIBROd33724000299228eLIBROfv.5h12644i28893si a109 D9bBCcLIBROd33724000299251eLIBROfv.4h12643i28893si a109 D9bBCcLIBROd33724000299269eLIBROfv.7h12646i28893si a109 D9bBCcLIBROd33724000938296eLIBROfv.3h12642i28893si a109 D9bBCcMUTd-66803eMUTfv.2h12641i28893si c23821d23821 00102ddc4052708GRALaBCbBCcPA_GRALd2019-12-31fLIBROl0o109 D9p33724000299202r2019-12-31 00:00:00tv.6w2019-12-31yLIBRO 00102ddc4052708GRALaBCbBCcPA_GRALd2019-12-31fLIBROl0o109 D9p33724000299228r2019-12-31 00:00:00tv.5w2019-12-31yLIBRO 00102ddc4052708GRALaBCbBCcPA_GRALd2019-12-31fLIBROl0o109 D9p33724000299251r2019-12-31 00:00:00tv.4w2019-12-31yLIBRO 00102ddc4052708GRALaBCbBCcPA_GRALd2019-12-31fLIBROl0o109 D9p33724000299269r2019-12-31 00:00:00tv.7w2019-12-31yLIBRO 00102ddc4052708GRALaBCbBCcPA_GRALd2019-12-31fLIBROl0o109 D9p33724000938296r2019-12-31 00:00:00tv.3w2019-12-31yLIBRO 00104153708MUTaBCbBCd2019-12-31fLIBROl0o109 D9p-66803r2019-12-31 00:00:00tv.2w2019-12-31yLIBRO